ბათუმის შოთა რუსთაველის სახელმწიფო უნივერსიტეტის ბიბლიოთეკა

რჩეული ფილოსოფიური თხზულებანი : (ბიბ.ჩანაწერი № 58828)

000 -ლიდერი
ფიქსირებული სიგრძის საკონტროლო ველი 00980nam a22001817a 4500
003 - საკონტროლო ნომრის იდენტიფიკატორი
საკონტროლო ველი Ge_BSU
005 - ბოლო ოპერაციის თარიღი და დრო
საკონტროლო ველი 20221005154903.0
008 - ფიქსირებული სიგრძის მონაცემთა ელემენტები - ზოგადი ინფორმაცია
ფიქსირებული სიგრძის საკონტროლო ველი 221005s1985 ge ||||| |||| 00| 0 geo d
041 ## - ენის კოდი
Language code of text/sound track or separate title geo
080 ## - უნივერსალური ათობითი კლასიფიკაციის ინდექსი
Universal Decimal Classification number 1(1-662)(09) ბ-32
100 ## - მთავარი ჩანაწერი - პიროვნების სახელი
Personal name ბაქრაძე, კონსტანტინე
9 (RLIN) 3920
245 ## - ცნობა სათაურის შესახებ
Title რჩეული ფილოსოფიური თხზულებანი :
Remainder of title ტ. 3, უახლესი და თანამედროვე ბურჟუაზიული ფილოსოფიის ისტორიის ნარკვევები /
Statement of responsibility, etc კონსტანტინე ბაქრაძე.
264 ## - წარმოების, გამოცემის, დისტრიბუციის და სხვა ცნობები
გამოცემის, წარმოების, დისტრიბუციის... ადგილი თბილისი :
გამოცემის, წარმოების, დისტრიბუციის... სახელწოდება თბილ. უნ-ტის გამ-ბა,
გამოცემის, წარმოების, დისტრიბუციის... თარიღი 1985.
300 ## - ფიზიკური აღწერა
Extent 474 გვ.
501 ## - შენიშვნა თანმხლებ მასალაზე
With note პირთა საძიებელი: გვ. 471-473.
653 ## - INDEX TERM--UNCONTROLLED
Uncontrolled term ბურჟუაზიული ფილოსოფიის ისტორია
942 ## - ADDED ENTRY ELEMENTS (KOHA)
Source of classification or shelving scheme
Koha item type წიგნი
ეგზემპლარები
ჩამოწერის სტატუსი დაკარგული ეგზემპლარის სტატუსი კლასიფიკაციის წყარო ან თაროზე გაწყობის სქემა დაზიანების სტატუსი არ გაიცემა მუდმივი მდებარეობა (დაცვის ადგილი) ამჟამინდელი ადგილსამყოფელი თაროზე განთავსების ადგილი შეძენის თარიღი ღირებულება, შესყიდვის ნორმალური ფასი სრული შენახვის შიფრი შტრიხკოდი ბოლო ოპერაციის თარიღი ეგზემპლარის მიმდევრობითი ნომერი (კეტერი?) ფასის ძალაში შესვლის თარიღი ეგზემპლარის სახეობა საჯარო შენიშვნა
          ბათუმის შოთა რუსთაველის სახელმწიფო უნივერსიტეტის მთავარი ბიბლიოთეკა ბათუმის შოთა რუსთაველის სახელმწიფო უნივერსიტეტის მთავარი ბიბლიოთეკა წიგნსაცავი 2022-10-05 8.40 1(1-662)(09) ბ-32 28597 2022-10-05 28597 2022-10-05 წიგნი 8 ლ. 40 თ.